[Event "European Blitz 2016"]
[Site "Tallinn EST"]
[Date "2016.12.17"]
[Round "14.31"]
[White "Zelbel, Patrick"]
[Black "Timerkhanov, Alexander"]
[Result "1-0"]
[WhiteTitle "IM"]
[BlackTitle "FM"]
[WhiteElo "2448"]
[BlackElo "2360"]
[WhiteFideId "24624322"]
[BlackFideId "24177938"]
[EventDate "2016.12.17"]

1. e4 c5 2. c3 d6 3. d4 Nf6 4. Bd3 Nc6 5. Nf3 e5 6. O-O Bg4 7. d5 Ne7 8. h3 Bxf3
9. Qxf3 a6 10. a4 Ng6 11. b4 Nd7 12. Be3 Rc8 13. Nd2 Be7 14. a5 O-O 15. Rfb1
cxb4 16. cxb4 Rc3 17. Rb3 Qc7 18. Qd1 Nf4 19. Bxf4 exf4 20. Nf3 Rc8 21. Rxc3
Qxc3 22. Rb1 Bf6 23. Bf1 Qa3 24. Qd2 Ne5 25. Qxf4 Rc2 26. Nd4 Rc7 27. Nf5 Qa2
28. Rc1 Rc2 29. Nxd6 h6 30. Rxc2 Qxc2 31. Ne8 Nd7 32. Qf5 Bd4 33. Nd6 Ne5 34.
Qc8+ Qxc8 35. Nxc8 Bc3 36. Nd6 b5 37. axb6 Bxb4 38. Nc8 a5 39. b7 Nd7 40. Bb5
Nb8 41. Nb6 a4 42. Bxa4 Bc5 43. Nd7 Nxd7 44. Bxd7 Bd6 45. Kf1 Kf8 46. g3 Ke7 47.
Bc6 g5 48. Ke2 f6 49. Ke3 Bc5+ 50. Ke2 Bd6 51. Bb5 Kd8 52. Bc6 Kc7 53. h4 Kb6
54. Kf3 Kc5 55. Kg4 Kd4 56. Kf5 Be5 57. f4 Bb8 58. Kxf6 gxh4 59. gxh4 Bxf4 60.
Ke6 Kc5 61. e5 1-0

[Event "European Blitz 2016"]
[Site "Tallinn EST"]
[Date "2016.12.17"]
[Round "14.32"]
[White "Sharankov, Grigory"]
[Black "Meskovs, Nikita"]
[Result "0-1"]
[BlackTitle "IM"]
[WhiteElo "2176"]
[BlackElo "2489"]
[WhiteFideId "4168356"]
[BlackFideId "11602740"]
[EventDate "2016.12.17"]

1. d4 Nf6 2. c4 e6 3. Nc3 Bb4 4. g3 O-O 5. Bg2 d5 6. Nf3 b6 7. O-O Bb7 8. Ne5
Nbd7 9. cxd5 exd5 10. Bg5 Be7 11. Rc1 h6 12. Bf4 c5 13. dxc5 Nxc5 14. Nb5 a6 15.
Nd4 Qe8 16. Nf5 Ne6 17. Be3 Bc5 18. Bxh6 gxh6 19. Qd2 Ng7 20. Nxh6+ Kh8 21. Qg5
Nh7 22. Qf4 f6 23. Nd3 Qe7 24. Nf5 Nxf5 25. Qxf5 Rad8 26. Nf4 Rg8 27. Ng6+ Rxg6
28. Qxg6 Rg8 29. Qd3 Rg5 30. a3 a5 31. e3 Re5 32. Qg6 Ng5 33. h4 Ne4 34. Bh3 Nd2
35. Bf5 Bc6 36. Qh6+ Kg8 37. Qg6+ Kf8 38. Rfd1 Nf3+ 39. Kg2 d4 40. Kf1 dxe3 41.
Qh6+ Qg7 42. Rd8+ Be8 43. Qxg7+ Kxg7 44. fxe3 Nxh4 45. Bd3 Nf3 46. Kg2 Ng5 47.
b4 axb4 48. axb4 Bxb4 49. Rc7+ Kf8 50. Rcc8 Kf7 51. Rc7+ Re7 52. Rxe7+ Kxe7 53.
Rb8 Bc5 54. e4 Bc6 55. Rh8 Nxe4 56. Bxe4 Bxe4+ 57. Kh3 b5 58. Rb8 b4 59. Kg4 Bc2
60. Rc8 Kd6 61. Rd8+ Ke5 62. Kf3 b3 63. Rb8 Bd4 64. Rb5+ Kd6 65. Rb4 Ke5 0-1

[Event "European Blitz 2016"]
[Site "Tallinn EST"]
[Date "2016.12.17"]
[Round "15.1"]
[White "Andreikin, Dmitry"]
[Black "Leko, Peter"]
[Result "1/2-1/2"]
[WhiteTitle "GM"]
[BlackTitle "GM"]
[WhiteElo "2737"]
[BlackElo "2693"]
[WhiteFideId "4158814"]
[BlackFideId "703303"]
[EventDate "2016.12.17"]

1. d4 Nf6 2. c4 e6 3. Nf3 d5 4. e3 Be7 5. Nc3 O-O 6. a3 b6 7. b4 dxc4 8. Bxc4
Bb7 9. O-O c5 10. bxc5 bxc5 11. Rb1 Qc8 12. d5 exd5 13. Nxd5 Bxd5 14. Bxd5 Nxd5
15. Qxd5 Nd7 16. Bb2 Nb6 17. Qh5 Qe6 18. Ne5 Rac8 19. Rfc1 Bf6 20. Qg4 Qxg4 21.
Nxg4 Bxb2 22. Rxb2 c4 23. Rbc2 Rfe8 24. h3 Rc5 25. Nh2 g6 26. Nf3 Ra5 1/2-1/2

[Event "European Blitz 2016"]
[Site "Tallinn EST"]
[Date "2016.12.17"]
[Round "15.2"]
[White "Kozul, Zdenko"]
[Black "Mamedov, Rauf"]
[Result "1/2-1/2"]
[WhiteTitle "GM"]
[BlackTitle "GM"]
[WhiteElo "2613"]
[BlackElo "2688"]
[WhiteFideId "14502879"]
[BlackFideId "13401653"]
[EventDate "2016.12.17"]

1. Nf3 g6 2. g3 Bg7 3. Bg2 Nf6 4. O-O O-O 5. d3 c5 6. c3 Nc6 7. a3 d6 8. Nbd2
Bd7 9. Rb1 Re8 10. b4 Nd5 11. Bb2 Nxc3 12. Bxc3 Bxc3 13. bxc5 dxc5 14. Rxb7 Na5
15. Rb1 Bg7 16. Qc2 Rc8 17. Nc4 Nxc4 18. Qxc4 Be6 19. Qa4 Rc7 20. Nd2 Rf8 21.
Nc4 Bg4 22. Qc2 h5 23. Rb3 Bd7 24. Rbb1 Be6 25. a4 h4 26. a5 hxg3 27. hxg3 Bc8
28. Rb3 Ba6 29. Rfb1 Rd7 30. Bf3 Bxc4 31. Qxc4 Qxa5 32. Rb5 Qa6 33. Rxc5 Qxc4
34. Rxc4 e6 35. Ra4 Bd4 36. Rc1 Bb6 37. Kg2 Kg7 38. Ra2 Rfd8 39. Rc4 Rd4 40.
Rcc2 Rb4 41. Rcb2 Rxb2 42. Rxb2 Rd4 43. Ra2 f5 44. Bb7 Kf6 45. Ba6 e5 46. Rc2
Rd6 47. Rc8 Kg7 48. Bc4 Rd8 49. Rc6 Re8 50. e3 Re7 51. Kf3 Rc7 52. Re6 e4+ 53.
Ke2 exd3+ 54. Bxd3 Kf7 55. Rd6 Bc5 56. Rd5 Kf6 57. Rd8 a5 58. Ra8 Bb4 59. g4
fxg4 60. Ra6+ Kg5 61. Rxg6+ Kh5 62. Rg8 Rc1 63. Bf5 Rg1 64. Ra8 Kg5 65. Bd7 Kf6
66. Ra6+ Kg5 67. Bc8 Re1+ 68. Kd3 Rd1+ 69. Ke4 Rd2 70. Bf5 Rxf2 71. Rg6+ Kh5 72.
Rxg4 a4 73. Rg8 a3 74. Ra8 Kg5 75. Be6 Kf6 76. Bc4 1/2-1/2

[Event "European Blitz 2016"]
[Site "Tallinn EST"]
[Date "2016.12.17"]
[Round "15.3"]
[White "Navara, David"]
[Black "Munoz, Miguel"]
[Result "1-0"]
[WhiteTitle "GM"]
[BlackTitle "GM"]
[WhiteElo "2725"]
[BlackElo "2473"]
[WhiteFideId "309095"]
[BlackFideId "3800229"]
[EventDate "2016.12.17"]

1. d4 c5 2. d5 Nf6 3. Nc3 Qa5 4. Bd2 e5 5. e4 d6 6. Bd3 g6 7. Nge2 Bg7 8. O-O
O-O 9. a4 Ne8 10. Nb5 Qd8 11. a5 f5 12. exf5 gxf5 13. Ng3 e4 14. Bc4 Nd7 15. Nh5
Be5 16. f4 exf3 17. Qxf3 Qh4 18. Nf4 a6 19. g3 Qg4 20. Qxg4+ fxg4 21. Nc3 Bd4+
22. Kg2 Ne5 23. Ba2 Nf3 24. Ne6 Rf7 25. Bf4 Be5 26. Bxe5 Nxe5 27. Na4 Bd7 28.
Nb6 Rb8 29. Rxf7 Kxf7 30. Re1 Ke7 31. Nxc5 Bf5 32. Nc4 Rc8 33. Nxb7 Kf6 34. Rf1
Nxc4 35. Bxc4 Rxc4 36. c3 Re4 37. Rf2 Ke5 38. Nd8 Re3 39. Nf7+ Ke4 40. Rf4+ Kd3
41. Rxf5 Re2+ 42. Rf2 Re7 43. Ng5 Kc4 44. Rf4+ Kxd5 45. Rxg4 Re2+ 46. Kh3 Rxb2
47. Nxh7 Nf6 48. Nxf6+ Ke6 49. Ne4 d5 50. Nc5+ Kd6 51. Nxa6 1-0

[Event "European Blitz 2016"]
[Site "Tallinn EST"]
[Date "2016.12.17"]
[Round "15.4"]
[White "Ponomariov, Ruslan"]
[Black "Vallejo Pons, Francisco"]
[Result "1/2-1/2"]
[WhiteTitle "GM"]
[BlackTitle "GM"]
[WhiteElo "2709"]
[BlackElo "2711"]
[WhiteFideId "14103320"]
[BlackFideId "2205530"]
[EventDate "2016.12.17"]

1. e4 e5 2. Nf3 Nc6 3. Bc4 Bc5 4. d3 Nf6 5. a4 a6 6. c3 d6 7. Bg5 Ba7 8. Nbd2
Ne7 9. Bxf6 gxf6 10. d4 Rg8 11. Qb3 Rg7 12. O-O-O c6 13. g3 b5 14. Be2 Be6 15.
Qa3 Qc7 16. Nb3 Rb8 17. axb5 axb5 18. Kc2 Bb6 19. dxe5 dxe5 20. Nc5 Bc8 21. Rd2
f5 22. Rhd1 fxe4 23. Rd8+ Qxd8 24. Rxd8+ Bxd8 25. Nxe4 Bf5 26. Bd3 Bxe4 27. Bxe4
f5 28. Qd6 fxe4 29. Nxe5 Rb7 30. Qf6 Ng6 31. Qxc6+ Kf8 32. Qxe4 Nxe5 33. Qxe5 b4
34. f4 bxc3 35. bxc3 Rbc7 36. Qd6+ Ke8 37. Qe5+ Rge7 38. Qh8+ Kd7 39. f5 Rf7 40.
Qe5 Bf6 41. Qe6+ Kd8 42. c4 Rxc4+ 43. Qxc4 Rc7 44. Kd3 Rxc4 45. Kxc4 Kd7 46. Kd5
Ke7 47. Kc5 Bc3 48. Kd5 Kf6 49. Ke4 Be5 50. g4 Bxh2 51. Kf3 Bd6 52. g5+ Kxf5 53.
Kg2 Kg4 54. Kh1 Kh3 55. Kg1 Bc5+ 56. Kh1 Be3 57. g6 hxg6 1/2-1/2

[Event "European Blitz 2016"]
[Site "Tallinn EST"]
[Date "2016.12.17"]
[Round "15.5"]
[White "Vitiugov, Nikita"]
[Black "Plat, Vojtech"]
[Result "1-0"]
[WhiteTitle "GM"]
[BlackTitle "IM"]
[WhiteElo "2726"]
[BlackElo "2532"]
[WhiteFideId "4152956"]
[BlackFideId "325740"]
[EventDate "2016.12.17"]

1. d4 d6 2. Bg5 Nf6 3. Bxf6 exf6 4. g3 d5 5. Bg2 c6 6. e3 Bd6 7. Nd2 O-O 8. Ne2
Re8 9. O-O Nd7 10. c4 dxc4 11. Nxc4 Bf8 12. Qc2 Nb6 13. Nd2 Be6 14. Nf4 Bd7 15.
Nb3 f5 16. Nc5 Bc8 17. Rfd1 Nd7 18. Na4 Nb6 19. Nc3 Nc4 20. d5 c5 21. d6 Nxd6
22. Nb5 Qb6 23. Nxd6 Bxd6 24. Nd5 Qd8 25. Rac1 Be6 26. Nf4 Qe7 27. Nxe6 fxe6 28.
Bxb7 Rab8 29. Bf3 c4 30. Qxc4 Rxb2 31. Qc6 Rb6 32. Qa4 Reb8 33. Rc6 Be5 34. Kg2
Rxc6 35. Qxc6 h6 36. Rd7 Qf6 37. Rxa7 Rb2 38. Ra8+ Kh7 39. Qe8 Bc3 40. Bh5 1-0

[Event "European Blitz 2016"]
[Site "Tallinn EST"]
[Date "2016.12.17"]
[Round "15.6"]
[White "Zhigalko, Sergei"]
[Black "Anton Guijarro, David"]
[Result "1-0"]
[WhiteTitle "GM"]
[BlackTitle "GM"]
[WhiteElo "2671"]
[BlackElo "2650"]
[WhiteFideId "13502956"]
[BlackFideId "2285525"]
[EventDate "2016.12.17"]

1. e4 e5 2. Nf3 Nc6 3. Bb5 a6 4. Ba4 Nf6 5. O-O Be7 6. Re1 b5 7. Bb3 d6 8. c3
O-O 9. h3 Na5 10. Bc2 c5 11. d4 Nd7 12. d5 Nb6 13. b3 Bd7 14. Be3 c4 15. Nbd2
Qc7 16. Qe2 Rfc8 17. b4 Nb7 18. a3 a5 19. Rac1 axb4 20. axb4 Ra2 21. Nh2 Rca8
22. Rf1 Na4 23. Bxa4 R8xa4 24. f4 Bf6 25. f5 Qd8 26. Nhf3 Rb2 27. Qf2 Raa2 28.
g4 Be7 29. g5 Bf8 30. h4 Qc8 31. h5 Bxf5 32. exf5 Qxf5 33. Nh2 Qxf2+ 34. Rxf2
Be7 35. Ng4 Nd8 36. h6 g6 37. Ne4 Rxf2 38. Bxf2 f5 39. gxf6 Bf8 40. f7+ Nxf7 41.
Nef6+ Kh8 42. Be3 Be7 43. Rf1 Nd8 44. Ne4 Ra3 45. Bg5 1-0

[Event "European Blitz 2016"]
[Site "Tallinn EST"]
[Date "2016.12.17"]
[Round "15.7"]
[White "Jovanovic, Zoran"]
[Black "Riazantsev, Alexander"]
[Result "1-0"]
[WhiteTitle "GM"]
[BlackTitle "GM"]
[WhiteElo "2534"]
[BlackElo "2671"]
[WhiteFideId "14505320"]
[BlackFideId "4125029"]
[EventDate "2016.12.17"]

1. e4 c6 2. Nc3 d5 3. d3 g6 4. g3 Bg7 5. Bg2 e6 6. f4 Ne7 7. Nf3 O-O 8. O-O b5
9. a3 Nd7 10. Be3 a5 11. Qd2 Ba6 12. b4 Nb6 13. Bc5 Nd7 14. Bf2 Rc8 15. Rab1 Qc7
16. e5 f6 17. exf6 Nxf6 18. Rbe1 axb4 19. axb4 Nf5 20. Ng5 Ng4 21. Nxe6 Qf7 22.
Nxg7 Nxf2 23. Nxf5 1-0

[Event "European Blitz 2016"]
[Site "Tallinn EST"]
[Date "2016.12.17"]
[Round "15.8"]
[White "Bologan, Victor"]
[Black "Kovalenko, Igor"]
[Result "1-0"]
[WhiteTitle "GM"]
[BlackTitle "GM"]
[WhiteElo "2640"]
[BlackElo "2684"]
[WhiteFideId "13900048"]
[BlackFideId "14117908"]
[EventDate "2016.12.17"]

1. e4 d5 2. exd5 Qxd5 3. Nc3 Qd6 4. d4 Nf6 5. Nf3 Bg4 6. h3 Bh5 7. g4 Bg6 8. Ne5
Nbd7 9. Nxg6 hxg6 10. Bg2 c6 11. Qd3 e6 12. Bd2 Nb6 13. O-O-O Nbd5 14. Ne2 b5
15. Kb1 Qc7 16. c4 bxc4 17. Qxc4 Rb8 18. Rc1 Ba3 19. Rc2 O-O 20. g5 Nh5 21. Ka1
Bb4 22. Bc1 Qa5 23. Rd1 Bd6 24. a3 Ndf4 25. Nxf4 Bxf4 26. h4 Rfc8 27. Qc5 Rb5
28. Qc3 Bxc1 29. Rdxc1 Qb6 30. Qd2 Rd8 31. Rxc6 Qb8 32. d5 Nf4 33. d6 Nxg2 34.
d7 Rxb2 35. Qxb2 Qxb2+ 36. Kxb2 Rxd7 37. Rc8+ Kh7 38. Rb8 Nxh4 39. Rcc8 1-0

[Event "European Blitz 2016"]
[Site "Tallinn EST"]
[Date "2016.12.17"]
[Round "15.9"]
[White "Movsesian, Sergei"]
[Black "Ruck, Robert"]
[Result "1-0"]
[WhiteTitle "GM"]
[BlackTitle "GM"]
[WhiteElo "2673"]
[BlackElo "2561"]
[WhiteFideId "310204"]
[BlackFideId "705713"]
[EventDate "2016.12.17"]

1. Nf3 Nf6 2. g3 g6 3. Bg2 Bg7 4. O-O O-O 5. c4 c6 6. d4 d5 7. Qa4 dxc4 8. Qxc4
Bf5 9. Nc3 Nbd7 10. Nh4 Be6 11. Qd3 Nd5 12. Rd1 Nxc3 13. bxc3 Nb6 14. e4 Rc8 15.
Nf3 Nc4 16. Ng5 Qd7 17. a4 Na5 18. Nxe6 Qxe6 19. Rb1 b6 20. Qc2 Qd7 21. h4 Rfd8
22. h5 e6 23. Bg5 Re8 24. Kh2 Nc4 25. Qb3 Na5 26. Qa2 Rc7 27. h6 Bf8 28. c4 Qc8
29. Be3 Rd7 30. Bh3 Qd8 31. d5 Rd6 32. c5 bxc5 33. Bxc5 cxd5 34. Bxd6 Qxd6 35.
exd5 e5 36. Qd2 Nc4 37. Qc3 Nb6 38. a5 Na4 39. Qc6 Qxc6 40. dxc6 Nc3 41. c7 Nxd1
42. Rxd1 f5 43. Rd8 1-0

[Event "European Blitz 2016"]
[Site "Tallinn EST"]
[Date "2016.12.17"]
[Round "15.10"]
[White "Cvitan, Ognjen"]
[Black "Rakhmanov, Aleksandr"]
[Result "0-1"]
[WhiteTitle "GM"]
[BlackTitle "GM"]
[WhiteElo "2491"]
[BlackElo "2667"]
[WhiteFideId "14500086"]
[BlackFideId "4173708"]
[EventDate "2016.12.17"]

1. d4 Nf6 2. c4 d6 3. Nf3 g6 4. Nc3 Bf5 5. Nh4 Bd7 6. e4 Bg7 7. Be2 O-O 8. O-O
Na6 9. Nf3 c5 10. Re1 Bg4 11. Be3 cxd4 12. Bxd4 Qa5 13. e5 dxe5 14. Nxe5 Bxe2
15. Qxe2 Nc7 16. Nf3 Ne6 17. Be5 Rfd8 18. a3 Qa6 19. b4 Rac8 20. Nb5 b6 21. h3
Qb7 22. Rac1 a6 23. Nc3 Qc6 24. Bxf6 exf6 25. Nd5 Qb7 26. Qe4 Rb8 27. Red1 f5
28. Qh4 b5 29. Ng5 Nxg5 30. Qxg5 h6 31. Qh4 g5 32. Qg3 bxc4 33. Qf3 f4 34. Rxc4
Qa7 35. Rc7 Qa8 36. Qh5 Rf8 37. Ne7+ Kh7 38. Rd6 Qe4 39. Qg4 Rbd8 40. Rxd8 Rxd8
41. Qf5+ Qxf5 42. Nxf5 Rd1+ 43. Kh2 Be5 44. Rc5 Bb8 45. Rc8 Be5 46. Rc5 f6 47.
f3 Kg6 48. Ne7+ Kf7 49. Nc6 Bb2 50. Nb8 Bd4 51. Rc7+ Kg6 52. h4 Bg1+ 53. Kh3 Bf2
54. Kh2 Bg3+ 55. Kh3 Rh1+ 0-1

[Event "European Blitz 2016"]
[Site "Tallinn EST"]
[Date "2016.12.17"]
[Round "15.11"]
[White "Kantans, Toms"]
[Black "Kobalia, Mikhail"]
[Result "1-0"]
[WhiteTitle "IM"]
[BlackTitle "GM"]
[WhiteElo "2454"]
[BlackElo "2628"]
[WhiteFideId "11602945"]
[BlackFideId "4119150"]
[EventDate "2016.12.17"]

1. e4 c5 2. Nf3 e6 3. d4 cxd4 4. Nxd4 Nc6 5. Nc3 a6 6. g3 Bc5 7. Nb3 Be7 8. Bg2
Nf6 9. O-O O-O 10. Re1 d6 11. Be3 Bd7 12. Na4 b5 13. Nb6 Rb8 14. Nxd7 Nxd7 15.
a4 Nde5 16. axb5 axb5 17. Nd4 Nxd4 18. Bxd4 Nc6 19. Be3 Bf6 20. c3 b4 21. Ra6
Ne5 22. cxb4 Nc4 23. b3 Nxe3 24. Rxe3 Rb6 25. b5 Rxb5 26. Rxd6 Qb8 27. Bf1 Rb6
28. Rd7 Rb7 29. Rxb7 Qxb7 30. Bc4 Ra8 31. Kg2 g6 32. h4 h5 33. Qf3 Bd4 34. Rd3
Qb6 35. Rd2 Ra1 36. Qd3 Bf6 37. Qd7 Kg7 38. Rd6 Qa7 39. Bxe6 Be5 40. Rd5 Ra2 41.
Qxa7 1-0

[Event "European Blitz 2016"]
[Site "Tallinn EST"]
[Date "2016.12.17"]
[Round "15.12"]
[White "Brodowski, Piotr"]
[Black "Pavlidis, Antonios"]
[Result "0-1"]
[WhiteTitle "IM"]
[BlackTitle "GM"]
[WhiteElo "2444"]
[BlackElo "2532"]
[WhiteFideId "1124480"]
[BlackFideId "4212312"]
[EventDate "2016.12.17"]

1. g3 Nf6 2. Bg2 d5 3. c4 c6 4. Nf3 Bg4 5. O-O e6 6. b3 Nbd7 7. Bb2 Bd6 8. d3
O-O 9. Nbd2 a5 10. a3 Bh5 11. Qc2 Qe7 12. Rfe1 Rfc8 13. e4 dxe4 14. dxe4 e5 15.
Nh4 Bg6 16. Nf5 Bxf5 17. exf5 Qf8 18. h3 Rd8 19. g4 h6 20. Nf1 Bc5 21. Ng3 Re8
22. Qe2 Bd4 23. Rad1 Nc5 24. Qc2 a4 25. b4 Nb3 26. Bc1 Rad8 27. Be3 Rd7 28. Qe2
Red8 29. h4 Bc3 30. Rxd7 Rxd7 31. Rd1 Nd4 32. Bxd4 Rxd4 33. g5 hxg5 34. hxg5 Nd7
35. Rxd4 exd4 36. Ne4 Qd8 37. g6 fxg6 38. fxg6 Nf8 39. Qf3 Nxg6 40. Qf5 Qe8 41.
Bh3 Nf8 42. Qf3 Qg6+ 43. Kf1 Bb2 44. Bf5 Qh6 45. Ng3 Qc1+ 46. Kg2 Bxa3 47. b5
Bd6 48. Ne4 Be7 49. bxc6 bxc6 50. Ng3 Qxc4 51. Bd3 Qc3 52. Qe4 a3 53. Nf5 Bf6
54. Qe2 Qc5 55. Bc4+ Kh8 56. Qh5+ Nh7 57. Qe8+ Qf8 58. Qh5 c5 59. Ng3 Qa8+ 60.
Bd5 Qb8 61. Ne2 Qe5 62. Qf3 Ng5 63. Qh5+ Nh7 64. Qf3 d3 65. Qxd3 Ng5 66. Ng3 Qd4
67. Qf5 Qe5 68. Qc8+ Kh7 69. Qg8+ Kg6 70. Bc6 Be7 71. Be8+ Kf6 72. Qc4 Bd6 73.
Bh5 Qe6 74. Qc3+ Ke7 75. Qxa3 Qd5+ 76. Kf1 Bxg3 77. Qa7+ Kf6 78. Qa1+ Be5 79.
Qa6+ Bd6 0-1

[Event "European Blitz 2016"]
[Site "Tallinn EST"]
[Date "2016.12.17"]
[Round "15.13"]
[White "Chigaev, Maksim"]
[Black "Andriasian, Zaven"]
[Result "0-1"]
[WhiteTitle "GM"]
[BlackTitle "GM"]
[WhiteElo "2531"]
[BlackElo "2621"]
[WhiteFideId "4108116"]
[BlackFideId "13302000"]
[EventDate "2016.12.17"]

1. c4 e5 2. Nc3 Nc6 3. Nf3 Nf6 4. e4 Bb4 5. d3 d6 6. a3 Bxc3+ 7. bxc3 h6 8. g3
O-O 9. Bg2 Nh7 10. Nh4 Ne7 11. f4 exf4 12. gxf4 Nc6 13. Nf3 f5 14. O-O fxe4 15.
dxe4 Be6 16. Qa4 Qe8 17. c5 dxc5 18. f5 Bf7 19. Bf4 Bh5 20. Qb3+ Kh8 21. Qxb7
Bxf3 22. Bxf3 Ne5 23. Bg2 Qe7 24. Rad1 Nf6 25. h3 Rab8 26. Qa6 Rb6 27. Qe2 Re8
28. Rfe1 Rb3 29. Qc2 Rxa3 30. Qb2 Ra6 31. Qb5 Rb6 32. Qa4 a6 33. Kh1 Reb8 34. c4
Nh5 35. Bh2 Rb2 36. Qxa6 Qg5 37. Rg1 Ng3+ 38. Bxg3 Qxg3 39. f6 Nf3 40. fxg7+ Kh7
41. g8=Q+ Rxg8 42. Rd7+ Rg7 43. Rxg7+ Kxg7 0-1

[Event "European Blitz 2016"]
[Site "Tallinn EST"]
[Date "2016.12.17"]
[Round "15.14"]
[White "Matlakov, Maxim"]
[Black "Neiksans, Arturs"]
[Result "1-0"]
[WhiteTitle "GM"]
[BlackTitle "GM"]
[WhiteElo "2694"]
[BlackElo "2631"]
[WhiteFideId "4168003"]
[BlackFideId "11601388"]
[EventDate "2016.12.17"]

1. c4 e5 2. Nc3 Nf6 3. g3 Bb4 4. Bg2 O-O 5. e4 Bxc3 6. bxc3 c6 7. Nf3 Nxe4 8.
O-O d6 9. Nxe5 dxe5 10. Bxe4 Nd7 11. d4 Nf6 12. Bg2 Re8 13. Rb1 e4 14. Bg5 h6
15. Bxf6 Qxf6 16. Re1 Qg6 17. d5 c5 18. Re3 b6 19. Qc2 Bf5 20. Rbe1 Bd7 21. Bxe4
Qd6 22. h4 h5 23. Bh7+ Kf8 24. Bf5 g6 25. Bxd7 Qxd7 26. Qd2 Kg7 27. Qe2 Rxe3 28.
Qxe3 Rd8 29. Qe5+ Kg8 30. Qf6 Re8 31. Rxe8+ Qxe8 32. d6 Qe1+ 33. Kh2 Qd2 34. Kg2 1-0

[Event "European Blitz 2016"]
[Site "Tallinn EST"]
[Date "2016.12.17"]
[Round "15.15"]
[White "Zelbel, Patrick"]
[Black "Wojtaszek, Radoslaw"]
[Result "0-1"]
[WhiteTitle "IM"]
[BlackTitle "GM"]
[WhiteElo "2448"]
[BlackElo "2749"]
[WhiteFideId "24624322"]
[BlackFideId "1118358"]
[EventDate "2016.12.17"]

1. e4 c6 2. Nf3 d5 3. Nc3 a6 4. d4 Bg4 5. h3 Bh5 6. Be2 e6 7. O-O Nf6 8. Ne5 Bg6
9. exd5 cxd5 10. Nxg6 hxg6 11. Bd3 Nc6 12. Ne2 Bd6 13. c3 Qc7 14. Be3 Ng4 15.
Qd2 Nh2 16. Rfe1 Rxh3 17. Bf4 Rh4 18. Bg3 Bxg3 19. Nxg3 O-O-O 20. Qe2 Rdh8 21.
Rac1 Ng4 22. Qf3 Rh1+ 0-1

[Event "European Blitz 2016"]
[Site "Tallinn EST"]
[Date "2016.12.17"]
[Round "15.16"]
[White "Saric, Ivan"]
[Black "Meskovs, Nikita"]
[Result "1-0"]
[WhiteTitle "GM"]
[BlackTitle "IM"]
[WhiteElo "2652"]
[BlackElo "2489"]
[WhiteFideId "14508150"]
[BlackFideId "11602740"]
[EventDate "2016.12.17"]

1. e4 c5 2. Nf3 e6 3. g3 Nc6 4. Bg2 Nf6 5. d3 Be7 6. O-O O-O 7. Re1 e5 8. c3 d6
9. a3 Re8 10. Nbd2 Bf8 11. b4 a6 12. Nb3 h6 13. h3 Be6 14. Be3 c4 15. dxc4 Bxc4
16. Nfd2 Be6 17. c4 b5 18. Rc1 Rc8 19. c5 d5 20. exd5 Nxd5 21. Ne4 Nxe3 22. Rxe3
Qxd1+ 23. Rxd1 Bxb3 24. Rxb3 Nd4 25. Rbb1 f5 26. Nc3 Rc7 27. Kf1 g5 28. Nd5 Rf7
29. Rbc1 Bg7 30. c6 e4 31. g4 fxg4 32. c7 e3 33. Nxe3 Rc8 34. Bd5 Kf8 35. Bxf7
Kxf7 36. hxg4 Be5 37. Nd5 Ne6 38. Re1 Bh2 39. Kg2 Bd6 40. Rc6 Nxc7 1-0

[Event "European Blitz 2016"]
[Site "Tallinn EST"]
[Date "2016.12.17"]
[Round "15.17"]
[White "Dzhumagaliev, Yan"]
[Black "Martinovic, Sasa"]
[Result "1-0"]
[WhiteTitle "FM"]
[BlackTitle "GM"]
[WhiteElo "2400"]
[BlackElo "2550"]
[WhiteFideId "24100110"]
[BlackFideId "14509792"]
[EventDate "2016.12.17"]

1. d4 c5 2. d5 d6 3. e4 Nf6 4. Nc3 g6 5. h3 Bg7 6. Nf3 O-O 7. Bc4 b5 8. Nxb5
Nxe4 9. O-O Nd7 10. Bd3 Nef6 11. c4 e5 12. dxe6 fxe6 13. Nxd6 Ne5 14. Nxe5 Qxd6
15. Nf3 Bb7 16. Be2 Qc7 17. Be3 Nh5 18. Ng5 Rad8 19. Qc2 Nf4 20. Bxf4 Rxf4 21.
Nxe6 1-0

[Event "European Blitz 2016"]
[Site "Tallinn EST"]
[Date "2016.12.17"]
[Round "15.18"]
[White "Bortnyk, Olexandr"]
[Black "Halkias, Stelios"]
[Result "1-0"]
[WhiteTitle "GM"]
[BlackTitle "GM"]
[WhiteElo "2581"]
[BlackElo "2585"]
[WhiteFideId "14120828"]
[BlackFideId "4201809"]
[EventDate "2016.12.17"]

1. e4 e5 2. Nf3 Nc6 3. Bc4 Nf6 4. Ng5 d5 5. exd5 Na5 6. Bb5+ c6 7. dxc6 bxc6 8.
Bd3 Nd5 9. Nf3 Bd6 10. O-O O-O 11. Re1 f5 12. Nxe5 Qf6 13. Nc4 Nxc4 14. Bxc4 Qh4
15. Bxd5+ cxd5 16. g3 Qh3 17. Qf3 f4 18. Qxd5+ Kh8 19. Qg2 fxg3 20. hxg3 Qxg2+
21. Kxg2 Bb7+ 22. Kg1 Bc5 23. d4 Bxd4 24. Be3 Bxb2 25. Nd2 Bxa1 26. Rxa1 Rfe8
27. c4 Rad8 28. Rb1 Bc6 29. Nb3 Be4 30. Rc1 a6 31. g4 Bf3 32. g5 Re4 33. Nd2
Rg4+ 34. Kh2 Bc6 35. Kh3 Rg2 36. c5 h5 37. Nc4 Rg4 38. Ne5 Bg2+ 39. Kh2 Bd5 40.
Nxg4 hxg4 41. Rd1 Rd7 42. Kg3 Be6 43. Rc1 Rf7 44. Rd1 Rf3+ 45. Kg2 Rf5 46. Rd6
Bd5+ 47. Kg3 Bf3 48. g6 Kg8 49. c6 Rf8 50. c7 Bb7 51. Rd8 Bc8 52. Bc5 1-0

[Event "European Blitz 2016"]
[Site "Tallinn EST"]
[Date "2016.12.17"]
[Round "15.19"]
[White "Marin, Mihail"]
[Black "Onischuk, Vladimir"]
[Result "0-1"]
[WhiteTitle "GM"]
[BlackTitle "GM"]
[WhiteElo "2539"]
[BlackElo "2601"]
[WhiteFideId "1200020"]
[BlackFideId "14114038"]
[EventDate "2016.12.17"]

1. Nf3 g6 2. e4 Bg7 3. d4 d6 4. Bd3 Nf6 5. O-O O-O 6. c3 Nbd7 7. Nbd2 e5 8. Re1
b6 9. b4 Bb7 10. Bb2 Nh5 11. a4 a6 12. Qb3 Qe7 13. Rad1 Rad8 14. Ba3 Nf4 15. Bf1
Ne6 16. Nc4 h6 17. b5 axb5 18. axb5 Ng5 19. Nxg5 hxg5 20. f3 Ra8 21. Ne3 Nf6 22.
Bc4 Ra7 23. Bb4 Raa8 24. dxe5 Qxe5 25. Nd5 Bxd5 26. Bxd5 Rae8 27. Bc6 Re7 28. c4
Nh5 29. Re3 Qf4 30. g3 Nxg3 31. hxg3 Qxg3+ 32. Kf1 Be5 33. Be1 Qh3+ 34. Ke2 Kg7
35. Bc3 Rh8 36. Rf1 Qg3 37. Bxe5+ Rxe5 38. Rf2 Rh1 39. Rd3 Rc5 40. Qb2+ Re5 41.
Qd4 f6 42. Rd1 Rh3 43. Ra1 g4 44. f4 Re7 45. Rd1 Qb3 46. Rd3 Qc2+ 47. Rd2 Qb1
48. Rd1 Qb4 49. Rg2 g3 50. Kf3 Qb3+ 51. Qd3 Qa4 52. Rxg3 Rxg3+ 53. Kxg3 Qb4 54.
Kf3 Kf8 55. Rh1 Kg7 56. Qe2 Qc3+ 57. Kg2 f5 58. Rh3 Qf6 59. Re3 Qd4 60. e5 Qxf4
61. e6 Qg5+ 62. Rg3 Qf6 63. Bd5 Kf8 64. Qd2 Rh7 65. Qc3 Qh4 66. Kf2 f4 0-1